000 01066nam a2200313Ia 4500
003 OSt
005 20221006153616.0
006 a|||||r|||| 00| 0
007 ta
008 221006b |||||||| |||| 00| 0 eng d
020 _a9780415270519
_c
_237.50 (each)
024 _a32,840
037 _bGift, Korean Embassy
_cTextual
040 _aEASL
_cEASL
_beng
041 _2eng
_aeng
082 _aX65.495, P1
100 _aSachwald Frederique Ed.
_9664663
245 0 _aGoing multinational
_b The Korean experience of direct investment
260 _aLondon
_bRoutledge
_c2001
300 _a386p.
_ccm.
490 _v KEL
_aStudies in global competition series
650 _a KEL
650 _a Korea - Direct investment
_9664664
650 _a Korean automobile industry - International development of
_9664665
650 _a Korean electronics firms - Internationalization of
_9664666
650 _aKorea - Economy
_9664667
942 _hX65.495, P1
_cTEXL
_2CC
999 _c1100926
_d1100926